Roman Emperors Tile Quiz - Statistics

General Stats
  • This quiz has been taken 19 times
  • The average score is 36 of 45
Answer Stats
Question Tile Select % Correct
Members of the Julio-Claudian Dynasty Constantine No
100%
Members of the Julio-Claudian Dynasty Augustus Yes
94%
Members of the Severan Dynasty Constans No
94%
Members of the Julio-Claudian Dynasty Hadrian No
94%
Members of the Julio-Claudian Dynasty Marcus Aurelius No
94%
Members of the Severan Dynasty Septimius Severus Yes
94%
Members of the Flavian Dynasty Theodosius No
94%
Of the Five Good Emperors Caligula No
88%
Members of the Julio-Claudian Dynasty Claudius Yes
88%
Members of the Tetrarchy Didius Julianus No
88%
Of the Five Good Emperors Julius Nepos No
88%
Of the Five Good Emperors Marcus Aurelius Yes
88%
Members of the Severan Dynasty Probus No
88%
Members of the Flavian Dynasty Romulus Augustulus No
88%
Of the Five Good Emperors Trajan Yes
88%
Members of the Flavian Dynasty Vespasian Yes
88%
Of the Five Good Emperors Antoninus Pius Yes
82%
Members of the Severan Dynasty Aurelian No
82%
Members of the Severan Dynasty Caracalla Yes
82%
Members of the Tetrarchy Diocletian Yes
82%
Members of the Flavian Dynasty Gordian I No
82%
Of the Five Good Emperors Hadrian Yes
82%
Members of the Julio-Claudian Dynasty Nero Yes
82%
Members of the Tetrarchy Pertinax No
82%
Of the Five Good Emperors Philip the Arab No
82%
Members of the Severan Dynasty Pupienus No
82%
Members of the Flavian Dynasty Valentinian No
82%
Members of the Julio-Claudian Dynasty Caligula Yes
76%
Members of the Julio-Claudian Dynasty Julian No
76%
Of the Five Good Emperors Nerva Yes
76%
Of the Five Good Emperors Numerian No
76%
Members of the Tetrarchy Otho No
76%
Members of the Severan Dynasty Severus Alexander Yes
76%
Members of the Flavian Dynasty Titus Yes
76%
Members of the Flavian Dynasty Valens No
76%
Members of the Tetrarchy Galba No
71%
Members of the Tetrarchy Galerius Yes
71%
Members of the Tetrarchy Maximian Yes
71%
Members of the Julio-Claudian Dynasty Tiberius Yes
71%
Members of the Tetrarchy Vitellius No
71%
Members of the Flavian Dynasty Domitian Yes
65%
Members of the Severan Dynasty Elagabalus Yes
65%
Members of the Severan Dynasty Geta Yes
59%
Members of the Flavian Dynasty Valerian No
59%
Members of the Tetrarchy Constantius I Yes
53%
No matching quizzes found
Score Distribution
Percent of People with Each Score
Percentile by Number Answered
Your Score History
You have not taken this quiz